000 00566nam a2200205Ii 4500
003 JO-AjNU
008 230606s9999||||xx |||||||||||||| ||und||
020 _a0-312-82146-8
040 _aJO-AjNU
_beng
_erda
_cJO-AjNU
041 _aeng
050 1 4 _aPZ3 .H22 1977
100 3 _aHardy , Thomas,
_eauthor
_95474
245 0 0 _a The trumpet - major
264 3 1 _aNew York : Macmllan , 1977
300 _a365p
336 _atext
_btxt
_2rdacontent
337 _aunmediated
_bn
_2rdamedia
338 _avolume
_bnc
_2rdacarrier
650 4 _a English fiction. 
_95475
999 _aE2829
_c2827
_d2827